| 000 | 00646nam a2200217Ia 4500 | ||
|---|---|---|---|
| 005 | 20241129105740.0 | ||
| 008 | 241129s9999||||xx |||||||||||||| ||und|| | ||
| 020 | _a81-86339-34-5 | ||
| 037 | _aTB | ||
| 040 |
_aARTS _beng _cARTS |
||
| 041 |
_aeng _2eng |
||
| 084 |
_aR66vL R2 _qARTS |
||
| 100 |
_aNachane Sulochana A. Au.; Panda R. K. Ed. _9724586 |
||
| 245 | 0 |
_aSurvey of post-sankara advaita vedanta _cNachane Sulochana A. Au.; Panda R. K. Ed. |
|
| 260 |
_aDelhi, India _bEastern Book Linkers _c2022 |
||
| 300 | _axv,352p. | ||
| 365 |
_aINR _b750 |
||
| 650 | _aPhilosophy | ||
| 942 |
_cTB _hR66vL R2 |
||
| 999 |
_c1225757 _d1225757 |
||